000 00535 a2200169 4500
999 _c4287
_d4287
020 _a9780673524874
050 0 0 _aN 7476 BAR 1997
100 1 _aBarnet, Sylvan
_eauthor
245 1 2 _aA short guide to writing about art /
_cSylvan Barnet.
250 _a5th ed.
264 _aNew york:
_bLongman,
_c1997
300 _a 224 p. :
_bill.
500 _aIncludes bibliographical references and index
504 _aIncludes bibliographical references and index
650 0 _aArt criticism
_xauthorship.
942 _2lcc
_cBK
_e5th ed.
_h7476
_iBAR
_kN